000 00884nam a22002417a 4500
999 _c8000
_d8000
003 AR-CdUCM
008 190322b ||||| |||| 00| 0 spa d
040 _aMUNICIPALIDAD PROVINCIAL DEL CUSCO
_cBIBLIOTECA MUNICIPAL DEL CUSCO
041 _heng
082 _a372 /
_bS73
100 _aSkinner, Charles Edward,
_922598
245 _aPsicología de la educación /
260 _aMéxico :
_bUnión Tipográfica Editorial Hispano-Americana,
_c1946.
300 _a2 t. ;
_c23 cm.
505 _aContenido : t.1 : Desarrollo - Aprendizaje -- t.2: Diferencias Individuales y medición - Adaptación de la personalidad e higiene mental.
650 _aPsicología
_91538
650 _aEducación
_9460
650 _aAprendizaje
_92143
650 _aDesarrollo
_92021
700 _atraducción al castellano por Domingo Tirado Benedí.
_922599
942 _2ddc
_cLIBROS
945 _admma